000 00824nam a22002415i 4500
001 163261
003 ES-MaACL
005 20250703063119.0
008 960229q1888 fr |||| | fre d
040 _aEUS
_bspa
_cEUS
100 1 _aRenan, Ernest,
_d1823-1892
_996168
245 1 0 _aDrames philosophiques /
_cpar Ernest Renan.
260 _aParis :
_bCalmann-Lévy, Editeurs,
_c[s.a.] (
_eLagny :
_fEmile Colin et C\pie\s)
300 _a[4], V, 566, [1] p. ;
_c23 cm.
490 1 _aOeuvres complètes d'Ernest Renan
596 _aMarca de ed. en port.
596 _aPrelim. fechados en 1888.
597 _aSignaturizado numéricamente.
597 _aAntep.
830 0 0 _aOeuvres complètes d'Ernest Renan
_9188422
852 _aES-MaACL
_jF-9215
_z-- Enc. pasta española
999 _c163261
_d163261